000 00322nam a22001457a 4500
003 SGT
082 _a346.032,WAL
100 _aWALTON,CHRISTOPHER
245 _aCHARLESWORTH & PERCY ON NEGLIGENCE
250 _a12TH
260 _aLONDAN
_bSWEET & MAXWELL
_c2010
300 _a1285
650 _aNEGLIGENCE
942 _2ddc
_cBK
999 _c9533
_d9533